[Event "2nd Hersonissos Open 2018"]
[Site "Hersonissos"]
[Date "2018.06.22"]
[Round "7"]
[White "Mateev, Kaloyan Mateev"]
[Black "Angermuende, Dirk"]
[Result "1/2-1/2"]
[WhiteElo "1539"]
[BlackElo "1966"]
[Annotator "NA"]
[PlyCount "113"]
[EventDate "2018.06.16"]
[EventType "swiss"]
[EventCountry "GRE"]
[SourceTitle "playchess.com"]
[Source "ChessBase"]
[SourceQuality "1"]
[TimeControl "5400+30"]

1. b3 {[%emt 0:01:34]} e6 {[%emt 0:00:34]} 2. Bb2 {[%emt 0:00:32]} Nf6 {[%emt 0:00:08]} 3. e3 {[%emt 0:00:27]} b6 {[%emt 0:00:16]} 4. Nf3 {[%emt 0:01:16]} Bb7 {[%emt 0:00:07]} 5. d4 {[%emt 0:00:34]} Be7 {[%emt 0:00:51]} 6. Bd3 {[%emt 0:01:49]} O-O {[%emt 0:00:43]} 7. Nbd2 {[%emt 0:00:13]} d5 {[%emt 0:00:14]} 8. O-O {[%emt 0:01:42]} Nbd7 {[%emt 0:00:13]} 9. Ne5 {[%emt 0:01:04]} Nxe5 {[%emt 0:00:30]} 10. dxe5 {[%emt 0:00:14]} Ne4 {[%emt 0:01:18]} 11. a3 {[%emt 0:03:19]} c5 {[%emt 0:01:41]} 12. f3 {[%emt 0:01:06]} Nxd2 {[%emt 0:00:13]} 13. Qxd2 {[%emt 0:00:03]} Rc8 {[%emt 0:01:49]} 14. Qe2 {[%emt 0:04:21]} Qc7 {[%emt 0:01:47]} 15. c4 {[%emt 0:04:14]} Rfd8 {[%emt 0:00:54]} 16. Rad1 {[%emt 0:00:47]} Bf8 {[%emt 0:01:22]} 17. f4 {[%emt 0:01:06]} g6 {[%emt 0:00:38]} 18. h4 {[%emt 0:02:59]} Bg7 {[%emt 0:02:21]} 19. h5 {[%emt 0:01:03]} dxc4 {[%emt 0:00:26]} 20. bxc4 {[%emt 0:00:26]} Rd7 {[%emt 0:03:47]} 21. hxg6 {[%emt 0:00:54]} hxg6 {[%emt 0:00:24]} 22. e4 {[%emt 0:05:47]} Rcd8 {[%emt 0:03:06]} 23. Rf3 {[%emt 0:03:34]} b5 {[%emt 0:01:46]} 24. cxb5 {[%emt 0:06:04]} c4 {[%emt 0:00:25]} 25. Bc2 {[%emt 0:00:13]} Rxd1+ {[%emt 0:00:59]} 26. Bxd1 {[%emt 0:02:02]} Qc5+ {[%emt 0:01:16]} 27. Kh2 {[%emt 0:02:10]} Qxb5 {[%emt 0:00:42]} 28. a4 {[%emt 0:05:33]} Qd7 {[%emt 0:20:30]} 29. Bc2 {[%emt 0:00:28]} Qd2 {[%emt 0:03:08]} 30. Rf2 {[%emt 0:03:03]} Qb4 {[%emt 0:02:43]} 31. Bc1 {[%emt 0:05:05]} Bc6 {[%emt 0:02:23]} 32. Bd2 {[%emt 0:03:21]} c3 {[%emt 0:01:30]} 33. Be1 {[%emt 0:03:59]} Rd4 {[%emt 0:16:50]} 34. Qa6 {[%emt 0:01:48]} Bxa4 {[%emt 0:16:31]} 35. Qc8+ {[%emt 0:01:42]} Bf8 {[%emt 0:00:07]} 36. Bxc3 {[%emt 0:15:22]} Qc4 {[%emt 0:00:23]} 37. Qxc4 {[%emt 0:00:33]} Rxc4 {[%emt 0:00:06]} 38. Bxa4 {[%emt 0:00:21]} Rxa4 {[%emt 0:00:06]} 39. Re2 {[%emt 0:05:46]} Bc5 {[%emt 0:03:31]} 40. g3 {[%emt 0:00:00]} a5 {[%emt 0:00:00]} 41. Kg2 {[%emt 0:00:00]} Ra3 {[%emt 0:00:00]} 42. Bb2 {[%emt 0:00:00]} Ra2 {[%emt 0:00:00]} 43. Kf3 {[%emt 0:00:00]} a4 {[%emt 0:00:00]} 44. Rc2 {[%emt 0:00:00]} Bb4 {[%emt 0:00:00]} 45. Rc8+ {[%emt 0:00:00]} Kg7 {[%emt 0:00:00]} 46. Bd4 {[%emt 0:00:00]} a3 {[%emt 0:00:51]} 47. Bc5 {[%emt 0:00:00]} Bxc5 {[%emt 0:02:34]} 48. Rxc5 Rb2 49. Ra5 {[%emt 0:00:00]} a2 {[%emt 0:00:36]} 50. Ra4 {[%emt 0:00:00]} Kf8 {[%emt 0:00:48]} 51. Kg4 Kg7 {[%emt 0:00:43]} 52. Kg5 {[%emt 0:00:51]} Rg2 {[%emt 0:00:52]} 53. g4 {[%emt 0:01:06]} Re2 {[%emt 0:02:58]} 54. f5 {[%emt 0:02:02]} gxf5 {[%emt 0:03:06]} 55. exf5 {[%emt 0:05:15]} Rxe5 {[%emt 0:00:35]} 56. Rxa2 exf5 57. gxf5 {[%emt 0:02:45]} 1/2-1/2

[Event "2nd Hersonissos Open 2018"]
[Site "Hersonissos"]
[Date "2018.06.22"]
[Round "7"]
[White "Dagkonaki, Antonia"]
[Black "Stefanov, Evtim"]
[Result "0-1"]
[WhiteElo "1383"]
[BlackElo "1959"]
[Annotator "NA"]
[PlyCount "70"]
[EventDate "2018.06.16"]
[EventType "swiss"]
[EventCountry "GRE"]
[SourceTitle "playchess.com"]
[Source "ChessBase"]
[SourceQuality "1"]
[TimeControl "5400+30"]

1. e4 {[%emt 0:00:00]} c5 {[%emt 0:09:49]} 2. Nf3 {[%emt 0:00:00]} e6 {[%emt 0:00:08]} 3. d4 {[%emt 0:00:00]} cxd4 {[%emt 0:00:06]} 4. Nxd4 {[%emt 0:00:05]} a6 {[%emt 0:00:11]} 5. Nc3 {[%emt 0:02:31]} Qc7 {[%emt 0:00:08]} 6. Bd2 {[%emt 0:01:24]} Nf6 {[%emt 0:00:36]} 7. g3 {[%emt 0:05:50]} b5 {[%emt 0:02:29]} 8. Bd3 {[%emt 0:09:05]} Bb7 {[%emt 0:02:21]} 9. Qe2 {[%emt 0:07:01]} Bc5 {[%emt 0:01:15]} 10. Nb3 {[%emt 0:02:05]} Be7 {[%emt 0:00:09]} 11. Rf1 {[%emt 0:01:12]} Nc6 {[%emt 0:00:55]} 12. f4 {[%emt 0:08:56]} d6 {[%emt 0:01:40]} 13. Nd1 {[%emt 0:05:25]} Nd7 {[%emt 0:06:36]} 14. c4 {[%emt 0:01:59]} b4 {[%emt 0:03:40]} 15. Rc1 {[%emt 0:02:48]} a5 {[%emt 0:01:32]} 16. Be3 {[%emt 0:00:22]} Rd8 {[%emt 0:03:42]} 17. c5 {[%emt 0:07:04]} dxc5 {[%emt 0:03:46]} 18. Nxc5 {[%emt 0:00:13]} Nxc5 {[%emt 0:00:07]} 19. Bxc5 {[%emt 0:00:06]} Bxc5 {[%emt 0:00:06]} 20. Rxc5 {[%emt 0:00:09]} Qd6 {[%emt 0:00:19]} 21. Rb5 {[%emt 0:07:00]} Ba6 {[%emt 0:00:42]} 22. Rd5 {[%emt 0:01:18]} exd5 {[%emt 0:01:02]} 23. exd5+ {[%emt 0:00:26]} Ne7 {[%emt 0:00:24]} 24. Bxa6 {[%emt 0:00:37]} O-O {[%emt 0:00:08]} 25. Kf2 {[%emt 0:03:55]} Nxd5 {[%emt 0:00:18]} 26. Re1 {[%emt 0:03:07]} Nf6 {[%emt 0:01:08]} 27. Ne3 {[%emt 0:06:30]} Qc5 {[%emt 0:00:59]} 28. Qc4 {[%emt 0:01:47]} Qb6 {[%emt 0:01:41]} 29. Qb5 {[%emt 0:04:40]} Qd4 {[%emt 0:00:34]} 30. Qxa5 {[%emt 0:02:39]} Rfe8 {[%emt 0:01:13]} 31. Kf1 {[%emt 0:03:59]} Qe4 {[%emt 0:02:09]} 32. Ng2 {[%emt 0:02:27]} Qf3+ {[%emt 0:00:26]} 33. Kg1 {[%emt 0:00:11]} Rd2 {[%emt 0:02:46]} 34. Rxe8+ {[%emt 0:00:54]} Nxe8 {[%emt 0:00:07]} 35. Bb7 {[%emt 0:07:12]} Rd1+ {[%emt 0:00:23]} 0-1

[Event "2nd Hersonissos Open 2018"]
[Site "Hersonissos"]
[Date "2018.06.22"]
[Round "7"]
[White "Koutsouraki, Ariadni"]
[Black "Bras, Emanouel"]
[Result "0-1"]
[WhiteElo "1373"]
[BlackElo "1859"]
[Annotator "NA"]
[PlyCount "62"]
[EventDate "2018.06.16"]
[EventType "swiss"]
[EventCountry "GRE"]
[SourceTitle "playchess.com"]
[Source "ChessBase"]
[SourceQuality "1"]
[TimeControl "5400+30"]

1. e4 {[%emt 0:00:00]} c6 {[%emt 0:05:34]} 2. d4 {[%emt 0:00:00]} d5 {[%emt 0:00:06]} 3. exd5 {[%emt 0:00:29]} cxd5 {[%emt 0:00:10]} 4. Nf3 {[%emt 0:02:16]} Nc6 {[%emt 0:00:20]} 5. c3 {[%emt 0:02:17]} Nf6 {[%emt 0:00:10]} 6. Bd3 {[%emt 0:00:33]} Bg4 {[%emt 0:00:20]} 7. h3 {[%emt 0:00:41]} Bh5 {[%emt 0:02:45]} 8. Nbd2 {[%emt 0:06:10]} e6 {[%emt 0:01:08]} 9. O-O {[%emt 0:02:48]} Bd6 {[%emt 0:00:16]} 10. Re1 {[%emt 0:02:10]} O-O {[%emt 0:00:29]} 11. Be2 {[%emt 0:02:53]} Bg6 {[%emt 0:04:37]} 12. b3 {[%emt 0:10:24]} Rc8 {[%emt 0:07:24]} 13. Bb2 {[%emt 0:02:34]} Nh5 {[%emt 0:05:16]} 14. Nf1 {[%emt 0:03:54]} Nf4 {[%emt 0:01:21]} 15. Bc1 {[%emt 0:04:24]} Ne7 {[%emt 0:13:03]} 16. Bb2 {[%emt 0:05:46]} Nf5 {[%emt 0:02:32]} 17. Ne3 {[%emt 0:00:58]} Nxe3 {[%emt 0:05:23]} 18. fxe3 {[%emt 0:00:17]} Nxe2+ {[%emt 0:01:42]} 19. Qxe2 {[%emt 0:01:03]} Be4 {[%emt 0:05:52]} 20. Qf2 {[%emt 0:02:54]} Bb8 {[%emt 0:05:13]} 21. Rec1 {[%emt 0:05:26]} Bxf3 {[%emt 0:03:51]} 22. Qxf3 {[%emt 0:00:52]} Qd6 {[%emt 0:00:32]} 23. Kf1 {[%emt 0:02:00]} f5 {[%emt 0:00:45]} 24. Ke2 {[%emt 0:01:24]} f4 {[%emt 0:03:08]} 25. Rf1 {[%emt 0:05:05]} Qa6+ {[%emt 0:03:26]} 26. Kd2 {[%emt 0:02:21]} fxe3+ {[%emt 0:06:54]} 27. Qxe3 {[%emt 0:00:08]} e5 {[%emt 0:01:49]} 28. Rxf8+ {[%emt 0:04:21]} Rxf8 {[%emt 0:00:14]} 29. dxe5 {[%emt 0:01:19]} Bxe5 {[%emt 0:03:55]} 30. Kc2 {[%emt 0:03:32]} Qg6+ {[%emt 0:00:51]} 31. Kd1 {[%emt 0:00:49]} Qxg2 {[%emt 0:01:47]} 0-1

[Event "2nd Hersonissos Open 2018"]
[Site "Hersonissos"]
[Date "2018.06.23"]
[Round "8"]
[White "Adair, James R"]
[Black "Delchev, Aleksander"]
[Result "1-0"]
[WhiteElo "2485"]
[BlackElo "2563"]
[Annotator "TA"]
[PlyCount "129"]
[EventDate "2018.06.23"]
[EventType "swiss"]
[EventCountry "GRE"]
[SourceTitle "playchess.com"]
[Source "ChessBase"]
[SourceQuality "1"]

{[%evp 37,129,35,42,23,32,33,58,26,33,31,75,8,83,80,77,73,72,68,59,61,70,65,108,106,98,79,122,123,136,143,139,141,134,129,116,112,195,198,186,189,212,189,246,254,309,314,327,318,318,289,576,600,470,456,771,769,762,660,727,723,715,641,625,416,795,784,737,737,835,479,478,478,441,465,431,411,370,368,360,354,338,321,477,477,881,863,8399,8399,29967,29969,11786,6056,29964,5552]} 1. e4 e5 2. Nf3 Nc6 3. Bb5 a6 4. Ba4 Nf6 5. O-O Be7 6. Re1 b5 7. Bb3 d6 8. c3 O-O 9. h3 Na5 10. Bc2 c5 11. d4 Qc7 12. Nbd2 Bd7 13. Nf1 Nc4 14. b3 Nb6 15. Ne3 c4 {C97: Closed Ruy Lopez: Chigorin Defence: 11 d4 Qc7, sidelines} 16. Ba3 Rfe8 17. Qd2 Bf8 18. Rad1 (18. bxc4 Nxc4 19. Nxc4 bxc4 20. Rab1 Rab8 21. Rxb8 Rxb8 22. Bb4 h6 23. Rd1 {½-½ (39) So,W (2775)-Carlsen,M (2834) Doha 2015 CBM 170 [Marin,M]}) 18... cxb3 19. axb3 a5 {LiveBook: 4 Games} 20. Rc1 a4 21. bxa4 Nxa4 22. Bb4 Nb6 23. Bd3 Rac8 $146 24. d5 (24. dxe5 $16 dxe5 25. Bxf8 Kxf8 26. c4) 24... Nc4 (24... Ra8 $11 {keeps the balance.}) 25. Nxc4 $16 bxc4 26. Bf1 $1 Ra8 27. Qb2 Reb8 28. Nd2 $36 {[%mdl 2048] Black is under pressure.} Bb5 29. Ra1 Rxa1 30. Rxa1 g6 31. Qc2 Bh6 32. Nb1 $1 {[%cal Bd2b1,Bb1a3,Ba3c2,Bc2e3,Be3f5][%mdl 32]} Rc8 33. Ra5 Qb6 34. g3 Bf8 35. Na3 Ba6 36. Bg2 Nd7 (36... Rc5 $16 37. Rxa6 Qxa6) 37. Qa4 $18 Nb8 38. h4 Be7 39. Nc2 Rf8 (39... Rc7 $142 40. Ne3 Kg7) 40. Ne3 f5 41. exf5 gxf5 42. Qc2 f4 43. Nf5 fxg3 $2 (43... Qd8 {keeps fighting.} 44. gxf4 Bc8) 44. Nxe7+ Kh8 {[%cal Rf8f2]} 45. Nf5 $1 gxf2+ (45... Bc8 $142 46. Nxg3 Na6) 46. Qxf2 Qxf2+ 47. Kxf2 Rxf5+ 48. Ke3 Rf6 {[#]} 49. Bh3 $1 Bb7 {Now ...Na6 and Black clings on.} 50. Be6 Rxe6 (50... Nc6 $142 51. dxc6 Bxc6 52. Bxc4 Rg6) 51. dxe6 {[%mdl 4096] Endgame KRB-KBN} Nc6 52. Rb5 Bc8 53. Bxd6 Bxe6 54. Bxe5+ Kg8 55. Kf4 Ne7 56. Kg5 Kf7 57. Rb7 Bd5 58. Rc7 Ke6 59. Bd4 Kd6 (59... Bf3 {was called for.} 60. Rxc4 Nc6) 60. Ra7 Nc6 (60... Ke6 $142 61. Bc5 h6+ 62. Kxh6 Nc6) 61. Rxh7 Nxd4 62. cxd4 Be4 63. Ra7 Kd5 64. Rd7+ Ke6 65. Kf4 {Precision: White = 87%, Black = 31%.} (65. Rc7 $142 Kd5 66. Kf4 Bg6 67. Ke3 Ke6 68. Rc6+ Kf5 {[#]} 69. Rxg6 $1 {[%mdl 512]} Kxg6 70. Kd2) 1-0

[Event "2nd Hersonissos Open 2018"]
[Site "Hersonissos"]
[Date "2018.06.23"]
[Round "8"]
[White "Haug, Johannes"]
[Black "Djingarova, Emilia"]
[Result "1-0"]
[WhiteElo "2401"]
[BlackElo "2218"]
[Annotator "TA"]
[PlyCount "129"]
[EventDate "2018.06.23"]
[EventType "swiss"]
[EventCountry "GRE"]
[SourceTitle "playchess.com"]
[Source "ChessBase"]
[SourceQuality "1"]

{[%evp 14,129,-45,-49,0,2,25,16,26,0,0,0,11,6,15,19,22,6,39,0,31,15,31,31,25,29,27,29,25,27,22,31,33,20,47,24,41,-10,0,0,44,43,47,37,39,42,42,46,53,41,60,27,79,78,69,75,60,60,67,46,60,22,26,29,18,16,14,18,24,5,96,97,101,104,251,137,137,132,125,129,395,372,448,437,6552,8002,6087,8408,6824,7333,6662,6546,6612,6412,6412,6195,5281,4618,6351,6045,6099,5739,5081,3297,1727,1641,2518,29966,29968,29973,29976,29973,29978,29979,29977,29978,6432,5962]} 1. d4 d5 2. c4 c6 3. Nc3 Nf6 4. Nf3 e6 5. e3 Be7 6. Qc2 O-O 7. e4 {D45: Semi-Slav: 5 e3} (7. Bd3 Nbd7 8. O-O Bd6 9. e4 dxc4 10. Bxc4 e5 11. Rd1 Qe7 12. h3 exd4 13. Nxd4 Ne5 14. Bf1 Ng6 15. g3 Re8 16. Bg2 Bc7 17. f4 Rd8 18. Be3 {1-0 (42) Iturrizaga Bonelli,E (2658)-Adu,O (2312) Atlantic City 2016}) 7... dxe4 8. Nxe4 {LiveBook: 4 Games} Bb4+ ({Black should play} 8... Nxe4 $15 9. Qxe4 f5) 9. Nc3 $11 {The position is equal.} c5 10. dxc5 Bxc5 $146 ({Predecessor:} 10... Nbd7 11. c6 bxc6 12. Be2 Qc7 13. O-O a5 14. a3 {½-½ (74) Neagos,R (2100)-Di Lazzaro,G (1898) Rijeka 2010}) 11. Bd3 Nc6 {White must now prevent ...Nb4.} 12. a3 h6 13. O-O e5 14. Rd1 Qe7 15. h3 Re8 {Threatens to win with ...e4.} 16. Ne4 Nd4 (16... Nxe4 {looks sharper.} 17. Bxe4 Nd4 18. Nxd4 exd4 19. Bd3 Bd6) 17. Nxd4 Bxd4 18. Be3 Bxe3 19. fxe3 Nxe4 20. Bxe4 Be6 21. b4 Rac8 22. c5 Rc7 23. Qd2 Qg5 24. Kh1 Qh4 25. Bc2 (25. Qc2 $14) 25... Rd7 26. Qe2 Bc4 27. Qf3 e4 28. Qg4 Qxg4 29. hxg4 Rde7 30. Rd4 Be2 31. Bd1 $1 {[%cal Rd1e2]} Bd3 32. a4 a6 (32... Kf8 $11 {remains equal.}) 33. Kh2 Re5 34. Rc1 R8e7 35. Rd8+ Kh7 36. Bb3 Rc7 37. Rd5 Rxd5 38. Bxd5 {[%mdl 4096] Endgame KRB-KRB} Kg6 39. c6 b5 40. a5 Kf6 41. Kg3 Ke7 (41... g5 $1 $11) 42. Kf4 $1 $16 Kd6 43. Rc5 ({Of course not} 43. Bxe4 $6 Bxe4 44. Kxe4 Rxc6 $11) 43... Bb1 {[#]} (43... Be2 $16) 44. g5 ({Inferior is} 44. Bxe4 Bxe4 45. Kxe4 Rxc6 $11) ({White must play} 44. Bb3 $1 $18) 44... hxg5+ 45. Kxg5 Bd3 46. Kf5 f6 $2 {[%mdl 8192]} (46... Bf1 $16 {keeps fighting.}) 47. Kg6 $18 Bb1 48. Bf7 Bd3 (48... Ke7 $142 49. Kxg7 Bd3) 49. Rd5+ Ke7 {[#]} 50. Rd7+ $1 {[%mdl 512]} Rxd7 51. cxd7 {KB-KB} Bf1 52. g3 Bh3 {[#]} 53. d8=Q+ $1 {[%mdl 512]} Kxd8 54. Kxg7 Ke7 55. Bd5 Bc8 56. Bxe4 Ke6 57. Kf8 Ke5 58. Bf3 Kd6 59. Kf7 f5 60. Kf6 Bd7 61. Bb7 Kc7 62. Bxa6 Kc6 63. Ke7 f4 64. exf4 Bg4 65. Kd8 {Precision: White = 67%, Black = 38%.} 1-0

[Event "2nd Hersonissos Open 2018"]
[Site "Hersonissos"]
[Date "2018.06.23"]
[Round "8"]
[White "Hommeles, Theo"]
[Black "Salomon, Johan"]
[Result "1/2-1/2"]
[WhiteElo "2361"]
[BlackElo "2474"]
[Annotator "TA"]
[PlyCount "70"]
[EventDate "2018.06.23"]
[EventType "swiss"]
[EventCountry "GRE"]
[SourceTitle "playchess.com"]
[Source "ChessBase"]
[SourceQuality "1"]

{[%evp 20,70,25,16,42,16,17,27,33,29,46,37,30,36,52,48,59,36,55,37,79,91,88,48,44,60,54,36,45,0,0,0,23,14,13,0,0,0,0,0,0,0,0,0,0,0,0,0,0,0,0,0,0]} 1. Nf3 d5 2. c4 e6 3. g3 Nf6 4. Bg2 Be7 5. O-O O-O 6. d4 dxc4 7. Qc2 b6 {E05: Open Catalan: 5 Nf3 Be7} (7... a6 8. a4 Bd7 9. Rd1 Bc6 10. Bg5 b5 11. Bxf6 Bxf6 12. Nc3 Qe8 13. e4 g6 14. h4 Nd7 15. axb5 axb5 16. Rxa8 Qxa8 {½-½ (26) Mamedyarov,S (2808)-So,W (2778) Stavanger 2018}) 8. Bg5 Nd5 9. Bxe7 Qxe7 10. Qxc4 Ba6 11. Qc2 {LiveBook: 10 Games} Bb7 $146 ({Predecessor:} 11... Nd7 12. Rd1 c5 13. Nc3 Nxc3 14. bxc3 Rac8 15. Qb2 {½-½ (35) Socko,B (2593)-Deac,B (2549) Graz 2018}) 12. Nc3 (12. Rd1 {seems wilder.} Nd7 13. a3 c5 14. e4 N5f6 15. Nc3) 12... Nxc3 13. bxc3 g6 14. e4 c5 15. Rfe1 cxd4 16. cxd4 Rc8 17. Qd2 Nd7 18. Rad1 Rd8 19. Qh6 Qf6 20. e5 Qg7 21. Qh4 Bxf3 22. Bxf3 Rac8 23. Rc1 {Strongly threatening Rxc8.} Qf8 24. Rxc8 Rxc8 25. d5 exd5 26. Bxd5 Nc5 {The position is equal.} 27. e6 Nxe6 28. Rxe6 Rc1+ 29. Kg2 fxe6 30. Bxe6+ $11 {[%mdl 4096] Endgame KQR-KQB} Kg7 {[#] Hoping for ...Qd6.} 31. Qd4+ Qf6 32. Qd7+ Kf8 {...Rc2 is the strong threat.} 33. Qd6+ $1 Kg7 {aiming for ...Rc2.} 34. Qd7+ Kf8 {[#] And now ...Rc2 would win.} 35. Qd6+ $1 Kg7 {Precision: White = 65%, Black = 63%.} 1/2-1/2

[Event "2nd Hersonissos Open 2018"]
[Site "Hersonissos"]
[Date "2018.06.23"]
[Round "8"]
[White "Lirindzakis, Timotheos"]
[Black "Kadianis, Georgios"]
[Result "0-1"]
[WhiteElo "2163"]
[BlackElo "1917"]
[Annotator "NA"]
[PlyCount "60"]
[EventDate "2018.06.23"]
[EventType "swiss"]
[EventCountry "GRE"]
[SourceTitle "playchess.com"]
[Source "ChessBase"]
[SourceQuality "1"]
[TimeControl "5400+30"]

1. d4 {[%emt 0:00:00]} d5 {[%emt 0:00:05]} 2. c4 {[%emt 0:00:00]} c6 {[%emt 0:00:04]} 3. cxd5 {[%emt 0:00:00]} cxd5 {[%emt 0:00:04]} 4. Bf4 {[%emt 0:00:00]} Nc6 {[%emt 0:00:14]} 5. e3 {[%emt 0:00:03]} Nf6 {[%emt 0:00:13]} 6. Nc3 {[%emt 0:00:03]} Bg4 {[%emt 0:00:58]} 7. Qb3 {[%emt 0:01:25]} Na5 {[%emt 0:00:31]} 8. Qa4+ {[%emt 0:00:45]} Bd7 {[%emt 0:01:14]} 9. Qd1 {[%emt 0:02:34]} e6 {[%emt 0:01:38]} 10. Bd3 {[%emt 0:02:17]} Bb4 {[%emt 0:01:21]} 11. Nf3 {[%emt 0:15:10]} Rc8 {[%emt 0:02:55]} 12. O-O {[%emt 0:07:02]} O-O {[%emt 0:03:55]} 13. Rc1 {[%emt 0:03:43]} Bxc3 {[%emt 0:04:11]} 14. Rxc3 {[%emt 0:01:31]} Rxc3 {[%emt 0:07:15]} 15. bxc3 {[%emt 0:00:03]} Qe7 {[%emt 0:07:04]} 16. Qb1 {[%emt 0:14:43]} h6 {[%emt 0:02:03]} 17. Ne5 {[%emt 0:10:08]} Rc8 {[%emt 0:02:49]} 18. Rc1 {[%emt 0:02:37]} Qa3 {[%emt 0:06:50]} 19. c4 {[%emt 0:08:16]} dxc4 {[%emt 0:12:20]} 20. Nxc4 {[%emt 0:00:34]} Nxc4 {[%emt 0:00:41]} 21. Rxc4 {[%emt 0:00:19]} Rxc4 {[%emt 0:00:44]} 22. Bxc4 {[%emt 0:00:02]} Qc3 {[%emt 0:03:09]} 23. Bf1 {[%emt 0:14:16]} Bc6 {[%emt 0:04:21]} 24. Bd6 {[%emt 0:01:18]} a5 {[%emt 0:05:27]} 25. Qd3 {[%emt 0:10:33]} Qa1 {[%emt 0:13:13]} 26. a3 {[%emt 0:01:08]} Ne4 {[%emt 0:06:49]} 27. Bc7 {[%emt 0:00:14]} Qb2 {[%emt 0:02:32]} 28. Bxa5 {[%emt 0:01:28]} Qxf2+ {[%emt 0:00:45]} 29. Kh1 {[%emt 0:00:01]} Ng5 {[%emt 0:04:01]} 30. h3 {[%emt 0:04:09]} Nf3 {[%emt 0:02:01]} 0-1

[Event "2nd Hersonissos Open 2018"]
[Site "Hersonissos"]
[Date "2018.06.23"]
[Round "8"]
[White "Serpetsidakis, Nikolaos"]
[Black "Parker, Keith"]
[Result "1-0"]
[WhiteElo "2126"]
[BlackElo "1846"]
[Annotator "NA"]
[PlyCount "74"]
[EventDate "2018.06.23"]
[EventType "swiss"]
[EventCountry "GRE"]
[SourceTitle "playchess.com"]
[Source "ChessBase"]
[SourceQuality "1"]
[TimeControl "5400+30"]

1. d4 {[%emt 0:00:00]} c6 {[%emt 0:00:04]} 2. c4 {[%emt 0:00:00]} Nf6 {[%emt 0:00:10]} 3. Nf3 {[%emt 0:03:03]} g6 {[%emt 0:01:27]} 4. Nc3 {[%emt 0:01:11]} d5 {[%emt 0:00:55]} 5. e3 {[%emt 0:05:31]} Bg7 {[%emt 0:00:28]} 6. Bd3 {[%emt 0:00:17]} dxc4 {[%emt 0:01:08]} 7. Bxc4 {[%emt 0:00:06]} O-O {[%emt 0:00:19]} 8. O-O {[%emt 0:00:17]} Bg4 {[%emt 0:00:43]} 9. h3 {[%emt 0:01:14]} Bxf3 {[%emt 0:00:03]} 10. Qxf3 {[%emt 0:00:05]} Nbd7 {[%emt 0:04:16]} 11. Rd1 {[%emt 0:03:52]} e5 {[%emt 0:03:19]} 12. Bb3 {[%emt 0:04:10]} exd4 {[%emt 0:07:30]} 13. exd4 {[%emt 0:00:21]} Nb6 {[%emt 0:01:22]} 14. Bg5 {[%emt 0:01:07]} Qd6 {[%emt 0:00:59]} 15. Bf4 {[%emt 0:05:29]} Qd7 {[%emt 0:05:43]} 16. Rac1 {[%emt 0:00:42]} Rac8 {[%emt 0:09:50]} 17. Be5 {[%emt 0:01:46]} Nbd5 {[%emt 0:04:44]} 18. Rc2 {[%emt 0:05:58]} Rfe8 {[%emt 0:04:24]} 19. Re2 {[%emt 0:04:38]} Re7 {[%emt 0:05:48]} 20. g4 {[%emt 0:14:37]} Rce8 {[%emt 0:06:48]} 21. Rde1 {[%emt 0:05:13]} Nxc3 {[%emt 0:06:40]} 22. bxc3 {[%emt 0:02:49]} Nd5 {[%emt 0:00:38]} 23. c4 {[%emt 0:13:13]} Nc7 {[%emt 0:07:39]} 24. c5 {[%emt 0:09:52]} Nd5 {[%emt 0:05:24]} 25. Kf1 {[%emt 0:05:13]} Re6 {[%emt 0:05:47]} 26. Qd3 {[%emt 0:04:24]} Bxe5 {[%emt 0:06:58]} 27. dxe5 {[%emt 0:00:10]} Rd8 {[%emt 0:01:39]} 28. Rd1 {[%emt 0:01:38]} Qe7 {[%emt 0:01:01]} 29. Qd4 {[%emt 0:01:07]} Qh4 {[%emt 0:03:32]} 30. Kg2 {[%emt 0:01:27]} Qg5 {[%emt 0:00:42]} 31. Kg3 {[%emt 0:01:28]} h5 {[%emt 0:03:11]} 32. f4 {[%emt 0:00:13]} h4+ {[%emt 0:00:49]} 33. Kh2 {[%emt 0:01:18]} Qh6 {[%emt 0:00:59]} 34. Rf2 {[%emt 0:01:57]} Ree8 {[%emt 0:00:37]} 35. Qa4 {[%emt 0:01:41]} Qf8 {[%emt 0:00:43]} 36. Bxd5 {[%emt 0:00:44]} Qxc5 {[%emt 0:01:35]} 37. Rc2 {[%emt 0:01:07]} Qb6 1-0

[Event "2nd Hersonissos Open 2018"]
[Site "Hersonissos"]
[Date "2018.06.23"]
[Round "8"]
[White "Angermuende, Dirk"]
[Black "Brokalakis - Gounaris, Christos"]
[Result "0-1"]
[WhiteElo "1966"]
[BlackElo "1851"]
[Annotator "NA"]
[PlyCount "84"]
[EventDate "2018.06.23"]
[EventType "swiss"]
[EventCountry "GRE"]
[SourceTitle "playchess.com"]
[Source "ChessBase"]
[SourceQuality "1"]
[TimeControl "5400+30"]

1. e4 {[%emt 0:00:00]} e5 {[%emt 0:00:08]} 2. f4 {[%emt 0:00:00]} d5 {[%emt 0:00:31]} 3. exd5 {[%emt 0:00:04]} exf4 {[%emt 0:00:37]} 4. Nf3 {[%emt 0:00:19]} Nf6 {[%emt 0:00:55]} 5. Bb5+ {[%emt 0:02:20]} Bd7 {[%emt 0:11:21]} 6. Bc4 {[%emt 0:00:49]} Bd6 {[%emt 0:00:47]} 7. Nc3 {[%emt 0:04:54]} O-O {[%emt 0:01:21]} 8. O-O {[%emt 0:00:08]} c6 {[%emt 0:01:56]} 9. d4 {[%emt 0:03:16]} cxd5 {[%emt 0:01:56]} 10. Nxd5 {[%emt 0:01:09]} Nc6 {[%emt 0:03:51]} 11. Bxf4 {[%emt 0:07:28]} Bxf4 {[%emt 0:29:10]} 12. Nxf4 {[%emt 0:00:59]} Bg4 {[%emt 0:00:59]} 13. c3 {[%emt 0:03:29]} Qd6 {[%emt 0:06:21]} 14. Ne2 {[%emt 0:03:21]} Rae8 {[%emt 0:01:49]} 15. Qc2 {[%emt 0:01:55]} Bh5 {[%emt 0:04:42]} 16. Ng3 {[%emt 0:02:07]} Bg6 {[%emt 0:04:35]} 17. Bd3 {[%emt 0:04:04]} Nd5 {[%emt 0:01:05]} 18. Bxg6 {[%emt 0:00:32]} fxg6 19. Qd2 {[%emt 0:00:30]} Ne3 20. Rfe1 {[%emt 0:00:30]} Nc4 21. Qc2 {[%emt 0:00:30]} Qf4 {[%emt 0:18:32]} 22. Qb3 {[%emt 0:12:22]} N6a5 {[%emt 0:01:12]} 23. Qb5 {[%emt 0:00:17]} Rxe1+ {[%emt 0:01:19]} 24. Rxe1 {[%emt 0:00:35]} Qf7 {[%emt 0:08:43]} 25. b3 {[%emt 0:12:01]} a6 {[%emt 0:00:28]} 26. Qg5 {[%emt 0:02:26]} h6 {[%emt 0:00:18]} 27. Qe7 {[%emt 0:00:28]} Qxe7 {[%emt 0:00:41]} 28. Rxe7 {[%emt 0:00:08]} Nd6 {[%emt 0:00:29]} 29. Ne5 {[%emt 0:02:36]} Kh7 {[%emt 0:00:42]} 30. Rd7 {[%emt 0:02:22]} Rf6 {[%emt 0:00:29]} 31. Ng4 {[%emt 0:01:27]} Rf4 {[%emt 0:00:24]} 32. Rxd6 {[%emt 0:02:55]} Rxg4 {[%emt 0:00:02]} 33. Rb6 {[%emt 0:00:45]} h5 {[%emt 0:00:18]} 34. b4 {[%emt 0:00:19]} Nc4 {[%emt 0:00:04]} 35. Nf1 {[%emt 0:00:28]} Re4 {[%emt 0:00:41]} 36. Rxb7 {[%emt 0:01:36]} Re1 {[%emt 0:00:22]} 37. Kf2 {[%emt 0:01:51]} Ra1 {[%emt 0:00:06]} 38. Rc7 {[%emt 0:00:26]} Rxa2+ {[%emt 0:00:08]} 39. Kf3 {[%emt 0:00:17]} Nd6 {[%emt 0:00:49]} 40. Ne3 {[%emt 0:00:00]} Ra3 {[%emt 0:00:00]} 41. Nd5 {[%emt 0:00:00]} Nb5 {[%emt 0:00:00]} 42. Rc6 {[%emt 0:00:00]} Nxd4+ {[%emt 0:00:00]} 0-1